00900 a2200205 4500010001400000020001100014035001300025037001600038082001100054090001700065100002200082245020000104260005700304270011300361300002400474700001700498942002600515999001700541952013600558 aENG-89561 c320.00 aEN-73094 bDBAD / PUB14a657.42 c11148d111481 aMaheshwari, S. N.1 aCost accounting and financial management:cby S.N. Maheshwari and S.N. Mittalb[for paper 4, group II of professional Competence Course (P.C.C.) of the Institute of Chartered Accountant of India] aDelhi :bShree Mahavir Book Depot (Publishers)c2008 a2603, Nai Sarak,b DelhicDelhi :e110006k23262993, 23270792l011-23270792mmahavirpublications@hotmail.com a520p.c24 cm (pbk) aMittal, S.N. adplcENk657.42 / MAH c10843d10843 00102ddc40718NFICaDBADbDBADeDBAD/PUBg320.00l0o657.42 MAHpEN-73094r2008-09-15 00:00:00t1u11940v320.00w2008-09-15yEN